International organization in the age of globalization / (Record no. 8097)

MARC details
000 -LEADER
fixed length control field 00696nam a22002292 4500
001 - CONTROL NUMBER
control field 0000011917
005 - DATE AND TIME OF LATEST TRANSACTION
control field 20151217152103.0
008 - FIXED-LENGTH DATA ELEMENTS--GENERAL INFORMATION
fixed length control field 090120s xx 000 0 eng d
020 ## - INTERNATIONAL STANDARD BOOK NUMBER
International Standard Book Number 082648512x :
040 ## - CATALOGING SOURCE
Original cataloging agency KABU
Transcribing agency KABU
100 1# - MAIN ENTRY--PERSONAL NAME
Personal name Taylor, Paul.
-- 0000167980
245 10 - TITLE STATEMENT
Title International organization in the age of globalization /
Statement of responsibility, etc. Paul Taylor.
250 ## - EDITION STATEMENT
Edition statement 1st ed.
260 ## - PUBLICATION, DISTRIBUTION, ETC. (IMPRINT)
Place of publication, distribution, etc. London :
Name of publisher, distributor, etc. Continuum,
Date of publication, distribution, etc. 2003.
300 ## - PHYSICAL DESCRIPTION
Extent x, 278 p.
650 #0 - SUBJECT ADDED ENTRY--TOPICAL TERM
Topical term or geographic name as entry element International agencies.
-- 0000037192
650 #0 - SUBJECT ADDED ENTRY--TOPICAL TERM
Topical term or geographic name as entry element International cooperation.
-- 0000153267
650 #0 - SUBJECT ADDED ENTRY--TOPICAL TERM
Topical term or geographic name as entry element Globalization.
-- 0000150264
852 1# - LOCATION
-- p3455 KES
908 ## - PUT COMMAND PARAMETER (RLIN)
Put command parameter 090120
950 ## - LOCAL HOLDINGS (RLIN)
-- 1
Holdings
Withdrawn status Lost status Source of classification or shelving scheme Not for loan Home library Current library Date acquired Total Checkouts Full call number Barcode Date last seen Price effective from Koha item type
    Library of Congress Classification   Kabarak, Main Campus Kabarak, Main Campus 17/12/2015   JZ4850 .T39 c. 1 16278 17/12/2015 17/12/2015 General Collection
Designed with assistance from East African Informatics Ltd